| 000 | 00368nam a22001337a 4500 | ||
|---|---|---|---|
| 008 | 250218b |||||||| |||| 00| 0 eng d | ||
| 020 | _a9783149679 | ||
| 050 |
_aHD9560 _b.G54 |
||
| 100 | _aGIDADO, Maxwell | ||
| 245 | _aPetroleum Development Contracts with Multi-national Firms | ||
| 260 |
_aMaiduguri _bED-Linform Services _c1999 |
||
| 300 | _axxii, 273p. | ||
| 942 | _cBK | ||
| 999 |
_c1984 _d1984 |
||